| 000 | 00737nam a22002177a 4500 | ||
|---|---|---|---|
| 999 |
_c19120 _d19120 |
||
| 003 | AR-CdUCM | ||
| 008 | 190312b ||||| |||| 00| 0 spa d | ||
| 040 |
_aMUNICIPALIDAD PROVINCIAL DEL CUSCO _cBIBLIOTECA MUNICIPAL DEL CUSCO |
||
| 082 |
_a838.9 / _bL96 |
||
| 100 |
_aLudwig, Emil _911764 |
||
| 245 | _aCleopatra / | ||
| 260 |
_aMexico : _bLatino Americana, _c1955. |
||
| 300 |
_a240 paginas , _c20 cm. |
||
| 505 | _aEspasmos de amor y de muerte -- El espectro de Farsalia -- "Vini, vidi, vinci" -- La esfinge se estremece -- Entre eros y marte... | ||
| 650 |
_aNovelas _9218 |
||
| 650 |
_aHistorias italianas _915930 |
||
| 650 |
_aSiglo XX _98 |
||
| 700 |
_aOrtega, F _940264 |
||
| 942 |
_2ddc _cLIBROS |
||
| 945 |
_apjha _d2019-05-16 |
||